000 00596cam a22002053a 4500
001 45001
003 PGUSA
005 20140828084028.0
008 140224s2014||||xxu|||||s|||||000 | eng d
040 _aPGUSA
_beng
042 _adc
100 1 _aCalvin, Jean,
_d1509-1564
245 1 0 _aInstitutes of the Christian Religion (Vol. 1 of 2)
_h[electronic resource] /
_cJean Calvin
260 _bProject Gutenberg,
_c2014
506 _aPublic domain in the USA.
516 _aElectronic text
830 0 _aProject Gutenberg
_v45001
856 4 0 _uhttp://www.gutenberg.org/ebooks/45001
942 _cEB
999 _c274252
_d274252